MANUAL OF PRACTICAL MEDICINE (Record no. 14960)

MARC details
000 -LEADER
fixed length control field 00344nam a22001577a 4500
003 - CONTROL NUMBER IDENTIFIER
control field SGT
020 ## - INTERNATIONAL STANDARD BOOK NUMBER
International Standard Book Number 978-93-5270-238-1
082 ## - DEWEY DECIMAL CLASSIFICATION NUMBER
Classification number 616
Item number M18A
100 ## - MAIN ENTRY--PERSONAL NAME
Personal name ALAGAPPAN, R.
245 ## - TITLE STATEMENT
Title MANUAL OF PRACTICAL MEDICINE
250 ## - EDITION STATEMENT
Edition statement 6TH
260 ## - PUBLICATION, DISTRIBUTION, ETC. (IMPRINT)
Place of publication, distribution, etc NEW DELHI
Name of publisher, distributor, etc JAYPEE PUB
Year of Publication 2018
300 ## - PAGE DESCRIPTION
No. of Pages 1018
650 ## - SUBJECT ADDED ENTRY--TOPICAL TERM
Topical term or geographic name as entry element AYURVEDA
942 ## - ADDED ENTRY ELEMENTS (KOHA)
Source of classification or shelving scheme Dewey Decimal Classification
Koha item type Books
942 ## - ADDED ENTRY ELEMENTS (KOHA)
-- 23
Holdings
Withdrawn status Lost status Source of classification or shelving scheme Damaged status Not for loan Collection code Home library Current library Shelving location Date acquired Vendor Name Cost, normal purchase price SGTU Bill Number Total Checkouts Full call number Accession No. (Barcode) Date last seen Date last borrowed Bill Date Koha item type
    Dewey Decimal Classification     AYURVEDA SGT FA-FP Library SGT FA-FP Library Text Book 31/01/2018 AHUJA PUB 895.00 SGTU 9136 18 616 M18A FA8138 24/02/2026 24/02/2026   Books
    Dewey Decimal Classification     AYURVEDA SGT FA-FP Library SGT FA-FP Library Text Book 31/01/2018 AHUJA PUB 895.00 SGTU 9136   616 M18A FA8139 31/01/2018     Books
    Dewey Decimal Classification     AYURVEDA SGT FA-FP Library SGT FA-FP Library Text Book 31/01/2018 AHUJA PUB 895.00 SGTU 9136 19 616 M18A FA8140 22/03/2022 05/03/2022   Books
    Dewey Decimal Classification     AYURVEDA SGT FA-FP Library SGT FA-FP Library Text Book 31/01/2018 AHUJA PUB 895.00 SGTU 9136 30 616 M18A FA8141 22/09/2025 09/09/2025   Books
    Dewey Decimal Classification     AYURVEDA SGT FA-FP Library SGT FA-FP Library Text Book 31/01/2018 AHUJA PUB 895.00 SGTU 9136 20 616 M18A FA8142 15/04/2023 28/03/2023   Books